Normal view
MARC view
- Shames, Irving Herman
Entry Corporate Name
001 - CONTROL NUMBER
- control field: 83777
003 - CONTROL NUMBER IDENTIFIER
- control field: NUST
005 - DATE AND TIME OF LATEST TRANSACTION
- control field: 20211110122703.0
008 - FIXED-LENGTH DATA ELEMENTS
- fixed length control field: 211110|| aca||aabn | a|a d
040 ## - CATALOGING SOURCE
- Original cataloging agency: NUST
- Transcribing agency: NUST
110 ## - HEADING--CORPORATE NAME
- Corporate name or jurisdiction name as entry element: Shames, Irving Herman
670 ## - SOURCE DATA FOUND
- Source citation: Work cat.: (NUST): Dym, Clive L. 42677, Solid Mechanics: , 2013.
